000 00255nam a22001217a 4500
008 180104b xxu||||| |||| 00| 0 eng d
041 _aeng
080 _a54
100 _a12
101 _aKIM
245 _aHEATH CHEMISTRY
_cDAVID.A.K
942 _2udc
_cBK
999 _c39772
_d39772